000 00685nam a22001577a 4500
020 _a818389030-X
082 _a823
_bDON/H
100 _aDOYLE, ARTHUR CONAN
245 _aTHE HOUND OF THE BASKERVILLES
_bFOR CLASS XII
250 _aFIRST EDITION
260 _aDELHI
_bGOYAL BROTHERS PRAKASHAN
_c2013
300 _a239
520 _aOriginally serialised in The Strand Magazine from August 1901 to April 1902, it is set in 1889 largely on Dartmoor in Devon in England's West Country and tells the story of an attempted murder inspired by the legend of a fearsome, diabolical hound of supernatural origin. Holmes and Watson investigate the case.
650 _aNOVEL
_zINDIA
942 _cBK
999 _c3025
_d3025